[Event "Brno /Olexa/"]
[Site "?"]
[Date "2014.12.27"]
[Round "3"]
[White "Straka, Vojtech"]
[Black "Krajicek, Filip"]
[Result "1/2-1/2"]
[WhiteElo "1717"]
[BlackElo "1646"]
[PlyCount "39"]

1. e4 g6 2. d4 Bg7 3. Nf3 d6 4. c3 Nf6 5. Nbd2 O-O 6. b3 Ne8 7. Bc4 c6 8. Ba3
b5 9. Bd3 Bg4 10. h3 Bd7 11. Bb2 Na6 12. a4 Nac7 13. axb5 cxb5 14. Qe2 a5 15.
O-O Qb8 {(R)} 16. Ra2 Nf6 17. Rfa1 Qb6 18. Kh2 Rfb8 19. Nf1 Nh5 20. Bc1 {(R)}
1/2-1/2

[Event "Brno /Olexa/"]
[Site "?"]
[Date "2014.12.27"]
[Round "3"]
[White "Kosina, Vladimir"]
[Black "Vavrousek, Petr"]
[Result "1/2-1/2"]
[WhiteElo "1763"]
[BlackElo "1716"]
[PlyCount "174"]

1. e4 c5 2. Nf3 Nc6 3. c3 g6 4. Bc4 Bg7 5. d4 cxd4 6. cxd4 Qb6 7. e5 Nh6 8. Nc3
O-O 9. O-O Qd8 10. Bg5 Kh8 11. Qd2 Ng8 12. Rfe1 Na5 13. Bd5 Rb8 14. Ne4 b6 15.
Nd6 f6 16. Nf7+ Rxf7 17. Bxf7 fxg5 18. b4 Nb7 19. Qxg5 Bh6 20. Qh4 e6 21. Qh3
Qf8 22. Bxg8 Kxg8 23. Rad1 Nd8 24. a3 Bb7 25. Rd3 Bd5 26. Nd2 Rc8 27. Nf1 Rc2
28. Qh4 Nf7 29. Ne3 Bxe3 30. Rdxe3 Qd8 31. Qxd8+ Nxd8 32. Rd1 Nc6 33. f3 Ne7
34. g4 g5 35. Red3 Ng6 36. R1d2 Rxd2 37. Rxd2 Bxf3 38. h3 Bc6 39. Kh2 Nf4 40.
Kg3 Bb5 41. h4 Ne2+ 42. Kh3 h6 43. hxg5 hxg5 44. Kg2 Nf4+ 45. Kf3 Kg7 46. Rc2
Bc6+ 47. Ke3 Nd5+ 48. Kf2 Ne7 49. Kg3 Ng8 50. Rh2 Nh6 51. Rf2 Ba4 52. Rd2 Kf7
53. Rd3 Ke7 54. Rc3 Bc6 55. Rb3 d6 56. b5 Bd7 57. a4 dxe5 58. dxe5 Nf7 59. Re3
Bc8 60. Rc3 Kd7 61. Rd3+ Kc7 62. Rc3+ Kb7 63. Re3 a6 64. Kf3 axb5 65. axb5 Bd7
66. Ke4 Bxb5 67. Rh3 Ba4 68. Kd4 Bc2 69. Rf3 Nh6 70. Rf6 Nxg4 71. Rxe6 Ka6 72.
Rc6 Bf5 73. Rc3 b5 74. Kd5 Ka5 75. Rf3 b4 76. Kd6 Nxe5 77. Rxf5 b3 78. Rxe5+
Kb4 79. Rxg5 Ka3 80. Kc5 b2 81. Rg3+ Ka2 82. Rg4 Ka3 83. Rb4 Ka2 84. Ra4+ Kb3
85. Rb4+ Kc2 86. Rc4+ Kb3 87. Rb4+ Kc2 1/2-1/2

[Event "Brno /Olexa/"]
[Site "?"]
[Date "2014.12.27"]
[Round "3"]
[White "Glacner, Karel"]
[Black "Brhlik, Antonin"]
[Result "0-1"]
[WhiteElo "1543"]
[BlackElo "1747"]
[PlyCount "84"]

1. g3 g6 2. Bg2 Bg7 3. c4 c5 4. Nf3 Nc6 5. Nc3 Nf6 6. O-O O-O 7. e3 d6 8. d4
Bd7 9. d5 Na5 10. Nd2 a6 11. a4 Ng4 12. Nce4 Ne5 13. Qe2 b5 14. cxb5 axb5 15.
Nc3 b4 16. Nb5 Nac4 17. Nb3 Bxb5 18. axb5 Rxa1 19. Nxa1 Nb6 20. e4 Qc7 21. f4
Nec4 22. f5 Qa7 23. b3 Ne5 24. Bb2 Qa2 25. Rf2 Qb1+ 26. Bf1 Ra8 27. Qc2 Rxa1
28. Bxa1 Qxa1 29. fxg6 hxg6 30. Kg2 Ng4 31. Rf3 Bd4 32. Qe2 Qb1 33. Kh3 Ne5 34.
Rf4 Qxb3 35. Rh4 Nf3 36. Kg4 Nxh4 37. Kxh4 Qe3 38. Qg2 Qh6+ 39. Kg4 Qh5+ 40.
Kf4 g5+ 41. Kf5 Be3 42. Bd3 g4# 0-1

[Event "Brno /Olexa/"]
[Site "?"]
[Date "2014.12.27"]
[Round "3"]
[White "Hala, Pavel"]
[Black "Doskar, Miloslav"]
[Result "1/2-1/2"]
[WhiteElo "1703"]
[BlackElo "1725"]
[PlyCount "62"]

1. c4 Nf6 2. Nc3 e6 3. e4 d6 4. d3 Be7 5. Nf3 Nbd7 6. a3 b6 7. b4 Bb7 8. Be2
O-O 9. Bb2 Re8 10. O-O Nf8 11. Re1 Ng6 12. Na2 e5 13. g3 Bc8 14. Nd2 Bh3 15.
Bf1 Qd7 16. Bg2 h6 17. Nf1 Nh7 18. Bc1 Bg5 19. f3 Bxc1 20. Rxc1 Bxg2 21. Kxg2
Ng5 22. Qe2 Ne6 23. Qd2 Nd4 24. Qf2 Qe7 25. Qe3 Ne6 26. Nd2 Rf8 27. Nc3 c6 28.
Rf1 f5 29. exf5 Rxf5 30. Nde4 Raf8 31. Rc2 Nd4 1/2-1/2

[Event "Brno /Olexa/"]
[Site "?"]
[Date "2014.12.27"]
[Round "3"]
[White "Kandalec, Stefan"]
[Black "Sojka, Oldrich"]
[Result "1-0"]
[WhiteElo "1722"]
[BlackElo "1609"]
[PlyCount "69"]

1. e4 e5 2. Nf3 Nc6 3. Bc4 Bc5 4. c3 d6 5. h3 Nf6 6. d3 h6 7. Nbd2 a6 8. O-O
O-O 9. Bb3 Qe7 10. Bc2 Bd7 11. Nc4 b5 12. Ne3 Rad8 13. Nh2 Nh7 14. Nd5 Qe6 15.
Nxc7 Qg6 16. Kh1 Bc8 17. f4 exf4 18. Bxf4 Ne7 19. Rf3 Kh8 20. Qd2 f6 21. Nd5
Nxd5 22. exd5 Qf7 23. d4 Ba7 24. Re1 Qxd5 25. Re7 Rd7 26. Rfe3 Rxe7 27. Rxe7
Bb6 28. Bxh6 gxh6 29. Rxh7+ Kg8 30. Qxh6 Qg5 31. Rh8+ Kf7 32. Qxf8+ Ke6 33.
Qxc8+ Kd5 34. Bb3+ Ke4 35. Qg4+ 1-0

[Event "Brno /Olexa/"]
[Site "?"]
[Date "2014.12.27"]
[Round "4"]
[White "Martisek, Karel"]
[Black "Borovicka, Bohumil"]
[Result "1/2-1/2"]
[WhiteElo "1884"]
[BlackElo "2007"]
[PlyCount "82"]

1. e4 d5 2. exd5 Qxd5 3. Nf3 Bg4 4. Be2 Nc6 5. Nc3 Qf5 6. O-O Nf6 7. d3 e6 8.
Be3 Bd6 9. Nh4 Qh5 10. g3 Bxe2 11. Qxe2 Qxe2 12. Nxe2 O-O 13. a3 Rfd8 14. Nf3
e5 15. Ng5 Ng4 16. Kg2 f5 17. Rad1 h6 18. Nh3 g5 19. Bc1 f4 20. f3 Nf6 21. Nf2
h5 22. Ne4 Nxe4 23. dxe4 Bc5 24. c3 h4 25. b4 Be7 26. Rd5 hxg3 27. hxg3 Rxd5
28. exd5 Nd8 29. Bb2 Nf7 30. c4 a5 31. b5 b6 32. a4 Bd6 33. gxf4 gxf4 34. Nc3
Ng5 35. Ne4 Nxe4 36. fxe4 Kf7 37. Rf3 Rg8+ 38. Kf2 Bc5+ 39. Ke1 Bd6 40. Bc3 {
(R)} Bb4 41. Kf2 Bc5+ {(R)} 1/2-1/2

[Event "Brno /Olexa/"]
[Site "?"]
[Date "2014.12.27"]
[Round "4"]
[White "Spodny, Josef"]
[Black "Pesl, Jan"]
[Result "1-0"]
[WhiteElo "1981"]
[BlackElo "1817"]
[PlyCount "87"]

1. d4 Nf6 2. Nf3 g6 3. c3 Bg7 4. Bg5 Ne4 5. Bf4 d5 6. Nbd2 Nd6 7. e3 O-O 8. Be2
Nd7 9. O-O Nf6 10. Be5 c6 11. c4 Nxc4 12. Nxc4 dxc4 13. Bxc4 Bg4 14. h3 Bf5 15.
Qb3 Qd7 16. Ng5 e6 17. g4 b5 18. gxf5 bxc4 19. Qxc4 exf5 20. Kg2 Qb7 21. Qb3
Qxb3 22. axb3 Ne4 23. Bxg7 Kxg7 24. Nxe4 fxe4 {(R)} 25. Rfc1 Rab8 26. Rxc6 Rxb3
27. Rxa7 Rxb2 28. Rcc7 h5 29. Re7 Kf6 30. Rxe4 Kg5 31. h4+ Kf5 32. Rf4+ Ke6 33.
Ra6+ Ke7 34. Re4+ Kd7 35. Re5 Rc8 36. Ra7+ Kd6 37. Rxf7 Rcc2 38. Rg5 Ke6 39.
Rf4 Rc3 40. Rxg6+ Kd5 41. Rg5+ Ke6 42. Re4+ Kd6 43. Rxh5 Rcc2 44. Rf5 1-0

[Event "Brno /Olexa/"]
[Site "?"]
[Date "2014.12.27"]
[Round "4"]
[White "Turza, Pavel"]
[Black "Kopkan, Pavel"]
[Result "1-0"]
[WhiteElo "1777"]
[BlackElo "1891"]
[PlyCount "121"]

1. Nf3 c5 2. c3 Nc6 3. d4 d5 4. Bg5 h6 5. Bh4 g5 6. Bg3 Bg7 7. e3 g4 8. Nfd2
cxd4 9. cxd4 Bf5 10. a3 Nf6 11. Nc3 Nh5 12. Qb3 Nxg3 13. hxg3 O-O 14. Qxd5 e5
15. Qxd8 Raxd8 16. d5 Ne7 17. e4 Bc8 18. Bc4 Kh7 19. Ke2 f5 20. Rad1 f4 21. Nb3
a6 22. a4 Rd6 23. Nc5 Rdf6 24. gxf4 Rxf4 25. Nd3 R4f6 26. Rhf1 Ng6 27. g3 h5
28. Nc5 b6 29. Ne6 Bxe6 30. dxe6 b5 31. axb5 axb5 32. Nxb5 h4 33. Nd6 h3 34.
Nf5 Rc8 35. b3 Nf8 36. e7 Ne6 37. Bxe6 Rxe6 38. Rd6 Rxe7 39. Nxe7 Rc3 40. Rd3
Rc7 41. Nd5 Rc2+ 42. Rd2 Rc8 43. Rh1 Bh6 44. Ne3 Bxe3 45. Kxe3 Kg6 46. f3 Kg5
47. fxg4 Kxg4 48. Rd7 Rc3+ 49. Kd2 Rxb3 50. Rg7+ Kf3 51. Rxh3 Kxe4 52. Rf7 Rb2+
53. Kc3 Rg2 54. Kc4 Rc2+ 55. Kb4 Rg2 56. Kc5 Rc2+ 57. Kd6 Kd4 58. Rh4+ e4 59.
Re7 Re2 60. g4 Ra2 61. g5 1-0

[Event "Brno /Olexa/"]
[Site "?"]
[Date "2014.12.27"]
[Round "4"]
[White "Skvir, Ivo"]
[Black "Hrdlicka, Vladan"]
[Result "0-1"]
[WhiteElo "1520"]
[BlackElo "1797"]
[PlyCount "48"]

1. e4 e5 2. Nf3 Nc6 3. Bb5 a6 4. Ba4 Nf6 5. O-O Nxe4 6. Re1 Nc5 7. Bxc6 dxc6 8.
d4 Ne6 9. Nxe5 Be7 10. c3 O-O 11. Nd2 c5 12. Ndf3 cxd4 13. cxd4 Qd5 14. h3 b6
15. Be3 Bb7 16. a3 Bd6 17. Ng4 Nf4 18. Bxf4 Bxf4 19. Qd3 Rad8 20. Rad1 c5 21.
Ne3 Qh5 22. Qf5 Bxf3 23. gxf3 Qxf3 24. Ng2 Bh2+ 0-1

[Event "Brno /Olexa/"]
[Site "?"]
[Date "2014.12.27"]
[Round "4"]
[White "Krajicek, Filip"]
[Black "Pelikan, Jaromir"]
[Result "0-1"]
[WhiteElo "1646"]
[BlackElo "1878"]
[PlyCount "52"]

1. d4 Nf6 2. Nf3 g6 3. e3 d5 4. c4 Bg7 5. Nc3 O-O 6. b3 c5 7. Bb2 cxd4 8. Nxd4
e5 9. Nc2 Bg4 10. f3 Bf5 11. cxd5 Bxc2 12. Qxc2 Nxd5 13. Nxd5 Qxd5 14. Bd3 Qa5+
15. Qc3 Qb6 16. Be4 Nc6 17. Bxc6 Rac8 18. Qd2 Rxc6 19. O-O Bh6 20. Rfe1 Rd8 21.
Qf2 Rcd6 22. Kf1 Rd2 23. Re2 Qb5 24. Bc3 R2d3 25. Qh4 Bxe3 26. Ke1 Qd5 0-1

[Event "Brno /Olexa/"]
[Site "?"]
[Date "2014.12.27"]
[Round "4"]
[White "Brhlik, Antonin"]
[Black "Straka, Vojtech"]
[Result "0-1"]
[WhiteElo "1747"]
[BlackElo "1717"]
[PlyCount "88"]

1. e4 e5 2. Nf3 Nc6 3. Bb5 d6 4. d4 Bd7 5. O-O Be7 6. Nc3 exd4 7. Nxd4 Nxd4 8.
Bxd7+ Qxd7 9. Qxd4 Nf6 10. Bd2 O-O 11. Rad1 a6 12. Rfe1 Rad8 13. h3 Rfe8 14.
Bg5 h6 15. Bh4 b5 16. a3 c5 17. Qd3 Qb7 18. Qe2 Kf8 19. Kf1 b4 20. Nb1 a5 21.
Kg1 d5 22. exd5 Nxd5 23. Bxe7+ Qxe7 24. Qxe7+ Nxe7 25. Nd2 Nc6 26. Nf3 Rxe1+
27. Rxe1 Nd4 28. Nxd4 Rxd4 29. Kf1 bxa3 30. bxa3 Rc4 31. Re2 Rc3 32. a4 Rc4 33.
Ke1 Rxa4 34. Rd2 Ke7 35. Rd3 Ke6 36. Rd8 Re4+ 37. Kd2 Rd4+ 38. Rxd4 cxd4 39.
Kd3 Kd5 40. c3 dxc3 41. Kxc3 f5 42. Kb3 Kd4 43. Ka4 Kd3 44. Kxa5 Ke2 0-1

[Event "Brno /Olexa/"]
[Site "?"]
[Date "2014.12.27"]
[Round "4"]
[White "Divis, Jan"]
[Black "Kosina, Vladimir"]
[Result "1/2-1/2"]
[WhiteElo "1687"]
[BlackElo "1763"]
[PlyCount "70"]

1. d4 Nf6 2. Bf4 e6 3. e3 d5 4. Nd2 b6 5. Ngf3 Bb7 6. Bd3 Nc6 7. c3 Be7 8. O-O
O-O 9. Ne5 a5 10. Nxc6 Bxc6 11. Nf3 Bd6 12. Ne5 Be8 13. Bg5 h6 14. Bh4 g5 15.
Bg3 Kg7 16. f4 Ne4 17. Bxe4 dxe4 18. fxg5 hxg5 19. Qe2 f5 20. Nc4 Bb5 21. b3
Bxg3 22. hxg3 Bxc4 23. bxc4 Qd6 24. Kf2 Rh8 25. Rh1 Raf8 26. Rxh8 Rxh8 27. c5
bxc5 28. dxc5 Qxc5 29. Rd1 Rf8 30. Rd7+ Rf7 31. Qd2 Rxd7 32. Qxd7+ Kf6 33. Qd8+
Kg6 34. Qe8+ Kf6 35. Qh8+ Kg6 {(R)} 1/2-1/2

[Event "Brno /Olexa/"]
[Site "?"]
[Date "2014.12.27"]
[Round "4"]
[White "Hala, Pavel"]
[Black "Zikan, Karel"]
[Result "1/2-1/2"]
[WhiteElo "1703"]
[BlackElo "1743"]
[PlyCount "69"]

1. c4 Nf6 2. Nc3 d6 3. e4 g6 4. d3 Bg7 5. Nge2 O-O 6. h3 c5 7. a3 Nc6 8. Bd2
Bd7 9. g3 Ne5 10. Nf4 e6 11. Be2 a6 12. Ng2 Nc6 13. O-O Nd4 14. Be3 e5 15. g4
Qb6 16. Rb1 Qc7 17. Bxd4 cxd4 18. Nd5 Nxd5 19. cxd5 Bh6 20. f4 f6 21. Qd2 Bb5
22. h4 Rac8 23. Rfc1 Qe7 24. g5 Bg7 25. Rxc8 Rxc8 26. Rc1 Qd7 27. Kh2 fxg5 28.
fxg5 Rf8 29. Rf1 {(R)} Qc7 30. Rxf8+ Bxf8 31. Ne1 Ba4 32. Bg4 Bd7 33. Bxd7 Qxd7
34. Qd1 Qf7 35. Qf3 1/2-1/2

[Event "Brno /Olexa/"]
[Site "?"]
[Date "2014.12.27"]
[Round "4"]
[White "Brda, Vlastimil"]
[Black "Kandalec, Stefan"]
[Result "0-1"]
[WhiteElo "1347"]
[BlackElo "1722"]
[PlyCount "72"]

1. e4 e5 2. Bc4 Nf6 3. d3 h6 4. a3 c6 5. Nc3 d5 6. exd5 cxd5 7. Bb5+ Nc6 8. Bd2
Bd6 9. Ba4 O-O 10. Bb3 Bc7 11. Ba2 Bg4 12. f3 Bh5 13. Qe2 Re8 14. Qf2 e4 15.
dxe4 dxe4 16. O-O-O Qe7 17. Re1 Bb6 18. Qf1 e3 19. Kb1 Bd4 20. Bc1 Bg6 21. Nge2
Qc5 22. Nxd4 Nxd4 23. Bxe3 Rxe3 24. Rxe3 Nxc2 25. Rd3 Nxa3+ 26. bxa3 Qxc3 27.
Qe2 Bxd3+ 28. Qxd3 Qxd3+ 29. Kb2 Rc8 30. Bb3 Rc3 31. Ba4 Qd2+ 32. Kb1 Rxa3 33.
Bc2 Nd5 34. Rd1 Nc3+ 35. Kb2 Ra2+ 36. Kb3 Qxc2+ 0-1

[Event "Brno /Olexa/"]
[Site "?"]
[Date "2014.12.27"]
[Round "4"]
[White "Vavrousek, Petr"]
[Black "Koci, Milos"]
[Result "1-0"]
[WhiteElo "1716"]
[BlackElo "1130"]
[PlyCount "89"]

1. e4 c5 2. Nf3 e6 3. d4 cxd4 4. Nxd4 a6 5. c4 Bc5 6. Be3 Qc7 7. Nc3 Nf6 8. Be2
Bb4 9. Qd3 O-O 10. O-O b6 11. Bg5 Be7 12. f4 d6 13. Kh1 Nbd7 14. Qg3 Bb7 15.
Bh6 Ne8 16. f5 Bf6 17. fxe6 Be5 18. Qg4 Ndf6 19. Rxf6 Bxf6 20. exf7+ Rxf7 21.
Be3 Qc5 22. Nf5 Qc7 23. Nh6+ Kf8 24. Nxf7 Qxf7 25. Rf1 Qg6 26. Qxg6 hxg6 27.
Bxb6 g5 28. Nd5 Bxd5 29. exd5 Rb8 30. Bd4 Kg8 31. Bxf6 Nxf6 32. b3 Re8 33. Bd3
Re3 34. Bf5 Re7 35. Rd1 a5 36. Kg1 Re5 37. Be6+ Kf8 38. Kf1 Ke7 39. a3 Re3 40.
Rb1 Ne4 41. Rb2 Nc5 42. b4 Nxe6 43. dxe6 axb4 44. axb4 Re4 45. Rc2 {
a bílý vyhrál. Dál oba zápisy neèitelné. JK} 1-0

[Event "Brno /Olexa/"]
[Site "?"]
[Date "2014.12.27"]
[Round "4"]
[White "Doskar, Miloslav"]
[Black "Glacner, Karel"]
[Result "0-1"]
[WhiteElo "1725"]
[BlackElo "1543"]
[PlyCount "161"]

1. d4 e5 2. dxe5 Nc6 3. Nf3 Qe7 4. a3 Nxe5 5. Nbd2 d6 6. e3 Nf6 7. Be2 Bf5 8.
Nb3 Be4 9. O-O h6 10. Nxe5 Qxe5 11. f3 Bf5 12. Nd4 Bc8 13. Re1 Bd7 14. Bd3 h5
15. f4 Qe7 16. Qf3 O-O-O 17. Bd2 d5 18. Nf5 Qe8 19. Nd4 Bg4 20. Qf1 Ne4 21.
Bxe4 dxe4 22. Qc4 a6 23. a4 Rh6 24. b4 Be6 25. Qc3 Rg6 26. f5 Bxf5 27. Nxf5 Qd7
28. Nd4 Qh3 29. Re2 Bd6 30. g3 Bxg3 31. Kh1 Be5 32. Rg1 {Diagram #} Rg3 $2 33.
Rxg3 Bxg3 34. Qa1 Be5 35. Qg1 Rd6 36. Qg2 Qxg2+ 37. Kxg2 Bxd4 38. exd4 Rxd4 39.
Bc3 Rc4 40. Bxg7 Rxb4 41. a5 f5 42. c3 Ra4 43. Bd4 Rxa5 44. Kg3 Rd5 45. Kf4 Kd7
46. Kg5 c5 47. Bg7 Ke6 48. Kxh5 Rd3 49. Kg5 Rf3 50. h4 Rg3+ 51. Kh6 Rg4 52. h5
Rg3 53. Kh7 Kf7 54. Be5 Rf3 55. Rg2 e3 56. Rg7+ Ke6 57. Bg3 e2 58. Bh4 Rf4 59.
Re7+ Kd5 60. Be1 Re4 61. Rxe4 Kxe4 62. Kg7 Kd3 63. h6 Kc2 64. h7 Kd1 65. Bh4
e1=Q 66. Bxe1 Kxe1 67. h8=Q Kd2 68. Kg6 f4 69. Qh6 b5 70. Qxf4+ Kxc3 71. Qf6+
Kb4 72. Qxa6 Kc4 73. Kf5 Kb4 74. Qd6 Kc4 75. Ke4 Kb4 76. Kd5 Ka5 77. Kxc5 Ka4
78. Qb8 Ka3 79. Qxb5 Ka2 80. Kc4 Ka1 81. Kc3 0-1

[Event "Brno /Olexa/"]
[Site "?"]
[Date "2014.12.28"]
[Round "5"]
[White "Skola, Miroslav"]
[Black "Spodny, Josef"]
[Result "1-0"]
[WhiteElo "2166"]
[BlackElo "1981"]
[PlyCount "87"]
[EventDate "2014.??.??"]

1. e4 e6 2. d4 d5 3. Nc3 Bb4 4. e5 Qd7 5. Qg4 f5 6. Qg3 b6 7. Nh3 Ba6 8. Bxa6
Nxa6 9. Nf4 O-O-O 10. h4 Nb8 11. a3 Bxc3+ 12. Qxc3 Re8 13. b4 Qc6 14. Qb3 a6
15. Rh3 g6 16. a4 Qd7 17. b5 a5 18. c4 dxc4 19. Qxc4 Ne7 20. Qxe6 Qxe6 21. Nxe6
Nd5 22. Nf4 Nxf4 23. Bxf4 h6 24. Rg3 g5 25. Bd2 Rd8 26. Bc3 g4 27. Rd3 Rd5 28.
Ke2 Kd7 29. f3 h5 30. Ke3 Ke6 31. fxg4 hxg4 32. g3 Rh7 33. Rc1 Rhd7 34. Bb2 c5
35. bxc6 Rc7 36. Rdc3 Rd8 37. Rb3 Na6 38. Rxb6 Nb4 39. Rb5 Nd5+ 40. Kd3 Rdc8
41. Rcc5 Nb4+ 42. Rxb4 axb4 43. d5+ Kf7 44. Ke3 1-0

[Event "Brno /Olexa/"]
[Site "?"]
[Date "2014.12.28"]
[Round "5"]
[White "Turza, Pavel"]
[Black "Snorek, Milan"]
[Result "1/2-1/2"]
[WhiteElo "1777"]
[BlackElo "2105"]
[PlyCount "87"]
[EventDate "2014.??.??"]

1. Nf3 d5 2. d4 Nf6 3. c3 e6 4. Bg5 h6 5. Bf4 c5 6. e3 Nc6 7. Bd3 Bd6 8. Bg3
O-O 9. Nbd2 Re8 10. Ne5 Bxe5 11. dxe5 Nd7 12. Qh5 Qg5 13. Qxg5 hxg5 14. f4 gxf4
15. exf4 f6 16. exf6 gxf6 17. O-O f5 18. Bh4 c4 19. Be2 Kg7 20. g4 Rh8 21. Bg5
Nf6 22. gxf5 exf5 23. Bxf6+ Kxf6 24. Nf3 Bd7 25. Rad1 Rag8+ 26. Kh1 Be6 27. Ng5
Ne7 28. Bxc4 dxc4 29. Rd6 Rxg5 30. Re1 Rg4 31. Rdxe6+ Kf7 32. Rxe7+ Kg6 33. Rg1
Rd8 34. Rxb7 Rd2 35. b3 Rxa2 36. bxc4 Ra3 37. c5 Rxc3 38. Rxa7 Rxc5 39. Ra4 Kh5
40. h3 Rxg1+ 41. Kxg1 Rc1+ 42. Kg2 Rc2+ 43. Kg3 Rc3+ 44. Kg2 1/2-1/2

[Event "Brno /Olexa/"]
[Site "?"]
[Date "2014.12.28"]
[Round "5"]
[White "Borovicka, Bohumil"]
[Black "Pelikan, Jaromir"]
[Result "1-0"]
[WhiteElo "2007"]
[BlackElo "1878"]
[PlyCount "69"]
[EventDate "2014.??.??"]

1. d4 Nf6 2. Bf4 g6 3. e3 Bg7 4. Nf3 O-O 5. Be2 d5 6. O-O c5 7. c3 Qb6 8. Qb3
c4 9. Qa3 Nh5 10. Bg5 Nf6 11. b3 Be6 12. Nbd2 Qa6 13. Qxa6 Nxa6 14. bxc4 dxc4
15. e4 b5 16. a4 Nc7 17. Bf4 Nfd5 18. Bxc7 Nxc7 19. Rfb1 a6 20. Ne1 Rfd8 21.
Nc2 Bh6 22. Nf1 bxa4 23. Nce3 Nb5 24. Rc1 a3 25. d5 Bd7 26. Rc2 Bg7 27. Nd1
Rdc8 28. Nd2 f5 29. Nxc4 fxe4 30. Nb6 Nxc3 31. Nxc3 Rxc3 32. Rxc3 Bxc3 33. Rxa3
Bb4 34. Rb3 Rb8 35. Nxd7 1-0

[Event "Brno /Olexa/"]
[Site "?"]
[Date "2014.12.28"]
[Round "5"]
[White "Hrdlicka, Vladan"]
[Black "Martisek, Karel"]
[Result "0-1"]
[WhiteElo "1797"]
[BlackElo "1884"]
[PlyCount "74"]
[EventDate "2014.??.??"]

1. e4 e5 2. Nf3 Nf6 3. Nxe5 d6 4. Nf3 Nxe4 5. d4 d5 6. Qe2 Qe7 7. Nc3 Nf6 8.
Bf4 c6 9. Qxe7+ Bxe7 10. Be2 O-O 11. O-O h6 12. Rfe1 Re8 13. Rad1 Be6 14. Ne5
Nbd7 15. Bd3 Rad8 16. Re2 Nh5 17. Bg3 Nxg3 18. hxg3 Nxe5 19. dxe5 c5 20. Ree1
a6 21. f4 c4 22. Be2 b5 23. g4 b4 24. Nb1 Bc5+ 25. Kf1 g6 26. a3 a5 27. axb4
axb4 28. c3 b3 29. g3 h5 30. Kg2 hxg4 31. Rh1 d4 32. cxd4 Rxd4 33. Rxd4 Bxd4
34. Nc3 Bxc3 35. bxc3 Bd5+ 36. Kg1 Bxh1 37. Kxh1 b2 0-1

[Event "Brno /Olexa/"]
[Site "?"]
[Date "2014.12.28"]
[Round "5"]
[White "Straka, Vojtech"]
[Black "Vavrousek, Petr"]
[Result "1/2-1/2"]
[WhiteElo "1717"]
[BlackElo "1716"]
[PlyCount "48"]
[EventDate "2014.??.??"]

1. e4 e6 2. d4 d5 3. exd5 exd5 4. Nc3 Nf6 5. Nf3 Be7 6. Bg5 O-O 7. h3 Bf5 8.
Be2 c6 9. O-O Nbd7 10. Bd3 Bxd3 11. Qxd3 Nh5 12. Bxe7 Qxe7 13. Rfe1 Qd6 14. Re3
Rae8 15. Rae1 Rxe3 16. Qxe3 Nhf6 17. a3 Re8 18. Qd3 Rxe1+ 19. Nxe1 Qf4 20. Ne2
Qe4 21. Qxe4 Nxe4 22. Nf3 Nb6 23. b3 Kf8 24. Kf1 Ke7 1/2-1/2

[Event "Brno /Olexa/"]
[Site "?"]
[Date "2014.12.28"]
[Round "5"]
[White "Kopkan, Pavel"]
[Black "Skvir, Ivo"]
[Result "1-0"]
[WhiteElo "1891"]
[BlackElo "1520"]
[PlyCount "79"]
[EventDate "2014.??.??"]

1. e4 e6 2. c4 c5 3. Nc3 Nc6 4. f4 d6 5. Nf3 Nge7 6. Be2 g6 7. d4 cxd4 8. Nxd4
Bg7 9. Ndb5 O-O 10. Nxd6 Nd4 11. e5 Nef5 12. Nxf5 Nxf5 13. Qxd8 Rxd8 14. g4 Nd4
15. O-O Bf8 16. Be3 Nc2 17. Kf2 Nxa1 18. Rxa1 Bd7 19. c5 Bc6 20. b4 a6 21. a4
Be7 22. g5 h6 23. h4 h5 24. Rb1 a5 25. b5 Be8 26. Ne4 Kg7 27. Rb3 Rab8 28. Bf3
Rdc8 29. Nd6 Bxd6 30. exd6 Bd7 31. Bd4+ Kf8 32. Rc3 Be8 33. Ke3 Kg8 34. Ke4 f5+
35. gxf6 Kf7 36. Ke5 Bd7 37. Be4 Be8 38. Rg3 Bd7 39. Bxg6+ Kf8 40. f7 1-0

[Event "Brno /Olexa/"]
[Site "?"]
[Date "2014.12.28"]
[Round "5"]
[White "Pesl, Jan"]
[Black "Divis, Jan"]
[Result "1/2-1/2"]
[WhiteElo "1817"]
[BlackElo "1687"]
[PlyCount "74"]
[EventDate "2014.??.??"]

1. e4 d5 2. exd5 Qxd5 3. Nc3 Qa5 4. d4 Nf6 5. Nf3 c6 6. Bc4 Bg4 7. h3 Bxf3 8.
Qxf3 e6 9. Bd2 Qc7 10. O-O-O Nbd7 11. Rhe1 O-O-O 12. Bb3 Nb6 13. Bg5 Be7 14.
Qe2 Nfd5 15. Ne4 Bxg5+ 16. Nxg5 Qf4+ 17. Qd2 Qxd2+ {(R)} 18. Rxd2 Rdf8 19. c4
Nf6 20. Rde2 h6 21. Nf3 Nbd7 22. Bc2 Re8 23. Kd2 Kd8 24. Kc3 Nh5 25. g3 g5 26.
b4 Nhf6 27. Nd2 b5 28. Be4 Nxe4+ 29. Nxe4 bxc4 30. Nd6 Ref8 31. a4 Kc7 32. Nxc4
Nb6 33. Nxb6 axb6 34. a5 bxa5 35. bxa5 Ra8 36. Ra2 Ra6 37. Re5 Rd8 {(R)}
1/2-1/2

[Event "Brno /Olexa/"]
[Site "?"]
[Date "2014.12.28"]
[Round "5"]
[White "Kandalec, Stefan"]
[Black "Brhlik, Antonin"]
[Result "0-1"]
[WhiteElo "1722"]
[BlackElo "1747"]
[PlyCount "88"]
[EventDate "2014.??.??"]

1. e4 c5 2. Bc4 e6 3. Nc3 Nc6 4. Nf3 Nf6 5. d3 Be7 6. h3 d6 7. Be3 a6 8. a4 d5
9. Qe2 dxc4 10. dxc4 Qc7 11. g4 b6 12. g5 Nd7 13. Nd2 Bd6 14. O-O-O Bb7 15. f4
Bxf4 16. Bxf4 Qxf4 17. Kb1 Nd4 18. Qh5 Qc7 19. g6 fxg6 20. Qg4 O-O-O 21. Nb3
Nf6 22. Qh4 Nxb3 23. cxb3 Rxd1+ 24. Rxd1 Rd8 25. Rxd8+ Kxd8 26. a5 bxa5 27. Ka2
{(R)} Ke8 28. Qe1 Nd7 29. Qh4 Nf6 30. Qe1 Nd7 31. Qh4 h6 32. Qg4 Kf7 33. Qf3+
Nf6 34. Qf2 Kg8 35. Qg2 Kh7 36. Qe2 Qe5 37. Ka3 Nxe4 38. Na4 Qd4 39. Qg4 Qd6
40. h4 Qe5 41. Nb6 Qd6 42. Na4 h5 43. Qe2 Qd2 44. Qf3 Qe1 0-1

[Event "Brno /Olexa/"]
[Site "?"]
[Date "2014.12.28"]
[Round "5"]
[White "Kosina, Vladimir"]
[Black "Hala, Pavel"]
[Result "0-1"]
[WhiteElo "1763"]
[BlackElo "1703"]
[PlyCount "150"]
[EventDate "2014.??.??"]

1. Nf3 g6 2. g3 Bg7 3. Bg2 c6 4. O-O d6 5. Nc3 Nd7 6. d3 h6 7. Be3 Ngf6 8. h3
e5 9. Qc1 Nb6 10. Bd2 Be6 11. e4 Qd7 12. Kh2 g5 13. Ng1 Nh7 14. a4 Qe7 15. b3
f5 16. Qe1 f4 17. Rd1 Rf8 18. f3 h5 19. g4 hxg4 20. fxg4 O-O-O 21. Qf2 Nf6 22.
Bf3 Rh8 23. Qg2 Qd7 24. Rde1 Rh7 25. Nd1 Bxg4 26. Nf2 Be6 27. a5 Na8 28. Qxg5
Rdh8 29. Qg2 Bg4 30. c4 Rh4 31. b4 Bf8 32. b5 c5 33. Ra1 Bxf3 34. Nxf3 Rg8 35.
Nxh4 Rxg2+ 36. Nxg2 Nh5 37. Nh4 Nc7 38. Nf5 Ne6 39. Bc3 Ng5 40. Ng4 Qh7 41. Kg2
Ng3 42. h4 Nxf1 43. Rxf1 Ne6 44. Kh3 Qh5 45. Be1 Ng5+ 46. Kh2 Qxg4 47. hxg5
Qxg5 48. Rf3 Qh5+ 49. Kg2 Qg4+ 50. Kf2 Kd7 51. Ke2 a6 52. bxa6 bxa6 53. Kf2 Be7
54. Ke2 Qg2+ 55. Bf2 Bd8 56. d4 Bxa5 57. dxc5 dxc5 58. Rd3+ Kc7 59. Nd6 Kc6 60.
Rd5 f3+ 61. Ke3 Be1 62. Rxe5 Qxf2+ 63. Kf4 Qg3+ 64. Kf5 Kxd6 65. Re6+ Kd7 66.
Rxa6 f2 67. Ra7+ Kc6 68. Ra6+ Kb7 69. Ra4 f1=Q+ 70. Ke6 Qg6+ 71. Kd5 Qff7+ 72.
Kxc5 Qc6+ 73. Kd4 Qxa4 74. Ke5 Kc6 75. c5 Bg3# 0-1

[Event "Brno /Olexa/"]
[Site "?"]
[Date "2014.12.28"]
[Round "5"]
[White "Zikan, Karel"]
[Black "Doskar, Miloslav"]
[Result "1/2-1/2"]
[WhiteElo "1743"]
[BlackElo "1725"]
[PlyCount "91"]
[EventDate "2014.??.??"]

1. Nf3 Nf6 2. c4 e6 3. Nc3 Bb4 4. Qc2 O-O 5. a3 Be7 6. e4 d6 7. d4 b6 8. Bd3 g6
9. O-O Bb7 10. b4 Nbd7 11. Bb2 c5 12. bxc5 bxc5 13. d5 Ng4 14. Rfd1 Nge5 15.
Nxe5 Nxe5 16. Be2 g5 17. h3 Ng6 18. Bg4 e5 19. Ne2 Bc8 20. Bxc8 Qxc8 21. Bc3 g4
22. Qd3 gxh3 23. Qxh3 Qxh3 24. gxh3 f5 25. f3 fxe4 26. fxe4 Rf3 27. Be1 Rxh3
28. Ng3 Kh8 29. Rdb1 Rg8 30. Rb7 Bh4 31. Nf5 Nf4+ 32. Bg3 Bxg3 33. Ne7 Rf8 34.
Nf5 Bh2+ 35. Kf2 Rh5 36. Rab1 Ng6 37. Rb8 Kg8 38. R1b7 Bf4 39. Rxf8+ Kxf8 40.
Rb8+ Kf7 41. Nxd6+ Ke7 42. Nf5+ Kd7 43. Rb7+ Kc8 44. Nd6+ Kd8 45. Nf7+ Kc8 46.
Nd6+ 1/2-1/2

[Event "Brno /Olexa/"]
[Site "?"]
[Date "2014.12.28"]
[Round "5"]
[White "Koci, Milos"]
[Black "Krajicek, Filip"]
[Result "0-1"]
[WhiteElo "1130"]
[BlackElo "1646"]
[PlyCount "100"]
[EventDate "2014.??.??"]

1. d4 Nf6 2. c4 g6 3. Nf3 Bg7 4. Nc3 O-O 5. e3 d6 6. Bd3 Nbd7 7. O-O Nh5 8. Ne2
e5 9. dxe5 Nxe5 10. Nxe5 Bxe5 11. g3 Bh3 12. Re1 Re8 13. Bd2 Rb8 14. Bc3 Qf6
15. Be4 Bg4 16. Bg2 Bxc3 17. bxc3 Bxe2 18. Qxe2 Qxc3 19. Rec1 Qe5 20. Rab1 b6
21. Rd1 Nf6 22. Rb5 Qe6 23. Rb2 Ne4 24. Bxe4 Qxe4 25. Rd4 Qe5 26. Rb5 Qf6 27.
Rd1 Re7 28. Qb2 Qxb2 29. Rxb2 Rbe8 30. a4 Re5 31. Kg2 Ra5 32. Ra2 Ree5 33. Rb1
Re4 34. Rb5 Rxc4 35. Rxa5 bxa5 36. Kf1 Kg7 37. Ke2 Kf6 38. Kd3 Rb4 39. Kc3 Ke5
40. Kd3 c5 41. Kc3 d5 42. h3 c4 43. h4 Rb3+ 44. Kc2 Ke4 45. Kc1 Ke5 46. Kc2 Kd6
47. Rb2 Rxb2+ 48. Kxb2 Kc5 49. Kc3 f5 50. f4 h5 0-1